00349nam a22001457a 4500003000400000008004100004020001800045082001600063100001900079245004600098250001300144260002900157300000900186650000800195OSt220615b ||||| |||| 00| 0 eng d a9788178001746 a005.133 SLP aSLACK, James M aProgramming and Problem Solving With JAVA a1st Rep. aHyderabadbBS Pub.c2011 a1137 aCSE